さんずいの常用漢字 - Statistics

General Stats
  • This quiz has been taken 274 times
  • The average score is 34 of 112
Answer Stats
答え % Correct
90%
74%
74%
70%
66%
60%
58%
58%
57%
57%
55%
54%
54%
53%
52%
51%
49%
48%
48%
48%
47%
45%
45%
44%
43%
42%
41%
41%
40%
40%
39%
38%
38%
38%
38%
38%
36%
35%
34%
34%
34%
沿
31%
31%
31%
31%
湿
30%
30%
29%
29%
29%
29%
28%
28%
28%
28%
28%
27%
26%
26%
26%
26%
26%
26%
25%
24%
24%
24%
23%
23%
23%
23%
23%
22%
22%
22%
22%
22%
21%
21%
20%
19%
19%
19%
18%
18%
18%
17%
17%
17%
17%
16%
16%
15%
15%
15%
15%
14%
14%
13%
13%
12%
12%
12%
11%
11%
10%
10%
9%
7%
6%
6%
4%
No matching quizzes found
Score Distribution
Percent of People with Each Score
Percentile by Number Answered
Your Score History
You have not taken this quiz